Kesan karisma : bagaimana menjadikan tanggapan yang kuat dan berpanjangan

Bibliographic Details
Main Author: Leigh, Andrew
Other Authors: Mazlina Che Mustafa, Mazyani Mat, Mohd Ridhuan Ismail
Format: Book
Published: Kuala Lumpur : Institut Terjemahan & Buku Malaysia Berhad , 2017
Subjects:

MARC

LEADER 00000cam a2200000 7i4500
001 0000083813
005 20190630.0
008 190630
020 |a 9789674602109 
041 0 |a Malay 
090 0 0 |a 158.2   |b LEI 
100 1 |a Leigh, Andrew 
245 1 0 |a Kesan karisma :   |b bagaimana menjadikan tanggapan yang kuat dan berpanjangan   |c Andrew Leigh ; penterjemah Mazlinda Che Mustafa 
260 |a Kuala Lumpur :   |b Institut Terjemahan & Buku Malaysia Berhad ,   |c 2017 
300 |a 244p. ;   |c 22.5cm. 
541 0 0 |c Purchased on 2019   |f 2019-05 DBS   |h RM35.00 
650 0 |a Self-perception 
650 0 |a Self-presentation 
700 0 |a Mazlina Che Mustafa 
700 0 |a Mazyani Mat 
700 0 |a Mohd Ridhuan Ismail 
999 |a 0001583291   |b Book   |c Adult Collection   |e Cawangan Bandar Tenggara 
999 |a 0001583292   |b Book   |c Adult Collection   |e Cawangan Kota Tinggi 
999 |a 0001583293   |b Book   |c Adult Collection   |e Cawangan Pontian 
999 |a 0001583294   |b Book   |c Adult Collection   |e Cawangan Tangkak 
999 |a 0001583295   |b Book   |c Adult Collection   |e Cawangan Mersing 
999 |a 0001583296   |b Book   |c Adult Collection   |e Cawangan Segamat 
999 |a 0001583297   |b Book   |c Adult Collection   |e Cawangan Muar 
999 |a 0001583298   |b Book   |c Adult Collection   |e Cawangan Taman Sri Lambak 
999 |a 0001583299   |b Book   |c Adult Collection   |e Cawangan Sri Merlong 
999 |a 0001583300   |b Book   |c Adult Collection   |e Cawangan Batu Pahat 
999 |a 0001583301   |b Book   |c Adult Collection   |e Cawangan Tmn. Ungku Tun Aminah 
999 |a 0001583302   |b Book   |c Adult Collection   |e Cawangan Bukit Gambir 
999 |a 0001583303   |b Book   |c Adult Collection   |e Cawangan Bandar Penawar 
999 |a 0001583494   |b Book   |c Adult Collection   |e Perbadanan Perpustakaan Awam Johor 
999 |a 0001583495   |b Book   |c Adult Collection   |e Perbadanan Perpustakaan Awam Johor 
999 |a 0001583496   |b Book   |c Adult Collection   |e Cawangan Urban Transformation Centre 
999 |a 0001583497   |b Book   |c Adult Collection   |e Cawangan AEON Kulaijaya